000
00192 a2200097 4500
020
_a
9780590468312
041
_a
spa
100
_a
Oz, Charles
245
_a
Como se hacen un Crayon
942
_c
BK
999
_c
26922
_d
26922